Managing Director's Global Policy Agenda to the International Monetary and Financial Committee : Confront Global Challenges Together.

Against a backdrop of declining oil prices, sharp variations in exchange rates, and market volatility, global growth remains uneven. The prospect of a new mediocre lingers as medium-term forecasts have been marked down since the last GPA. Promoting balanced, sustained growth requires an integrated p...

Mô tả đầy đủ

Chi tiết về thư mục
Tác giả của công ty: International Monetary Fund
Định dạng: Tạp chí
Ngôn ngữ:English
Được phát hành: Washington, D.C. : International Monetary Fund, 2015.
Loạt:Policy Papers; Policy Paper ; No. 2015/020
Truy cập trực tuyến:Full text available on IMF
LEADER 01649cas a2200241 a 4500
001 AALejournalIMF020153
008 230101c9999 xx r poo 0 0eng d
020 |c 5.00 USD 
020 |z 9781498344685 
022 |a 2663-3493 
040 |a BD-DhAAL  |c BD-DhAAL 
110 2 |a International Monetary Fund. 
245 1 0 |a Managing Director's Global Policy Agenda to the International Monetary and Financial Committee :   |b Confront Global Challenges Together. 
264 1 |a Washington, D.C. :  |b International Monetary Fund,  |c 2015. 
300 |a 1 online resource (20 pages) 
490 1 |a Policy Papers 
500 |a <strong>Off-Campus Access:</strong> No User ID or Password Required 
500 |a <strong>On-Campus Access:</strong> No User ID or Password Required 
506 |a Electronic access restricted to authorized BRAC University faculty, staff and students 
520 3 |a Against a backdrop of declining oil prices, sharp variations in exchange rates, and market volatility, global growth remains uneven. The prospect of a new mediocre lingers as medium-term forecasts have been marked down since the last GPA. Promoting balanced, sustained growth requires an integrated policy package that bolsters today's actual and tomorrow's potential output, diminishes risks, and confronts emerging global challenges. Watch the Video The Executive Summary is also available in: Arabic , Chinese, French, Japanese, Russian, and Spanish. 
538 |a Mode of access: Internet 
830 0 |a Policy Papers; Policy Paper ;  |v No. 2015/020 
856 4 0 |z Full text available on IMF  |u http://elibrary.imf.org/view/journals/007/2015/020/007.2015.issue-020-en.xml  |z IMF e-Library